000 00915nam a2200253 4500
999 _c13622
_d13622
003 MIRAKIL
005 20191121144603.0
008 191121b tu ||||| |||| 00| 0 tur d
020 _a9786053995029
040 _aTR-AnCHP
_cTR-AnCHP
041 _atur
082 _a306.69
_bD95 2017
245 1 0 _aDünyada ve Türkiye’de barış süreçleri :
_banlamak ve canlandırmak/
_cderleyen Ayşe Betül Çelik.
260 _aİstanbul:
_bİstanbul Bilgi Üniversitesi Yayınları,
_c2017.
300 _axxıı, 238 s.:
_bfotg.,
_c23 sm.
490 0 _aİstanbul Bilgi Üniversitesi Yayınları;
_aSempozyum-Panel;
_v614.
_v7.
504 _aKaynakça bölüm sonlarındadır.
504 _aDizin vardır.
650 0 _9164
_aBarış
_xSosyal açı
650 0 _96117
_a Etnik çatışma
_x durum çalışmaları
650 0 _95116
_aKürtler
_xTürkiye
700 _96118
_aÇelik, Ayşe Betül
_eder.
942 _2ddc
_cBKS